000 01117nam a2200253 a 4500
001 000031903
003 DO-SdBNP
005 20230223135432.0
007 ta
008 110707e2000 dr ao gr 001 0 spa d
040 _aDO-SdBNP
_bspa
_cBNPHU
082 4 _bG943c
_222
245 0 0 _aGuía cultural de la República Dominicana. /
_bFotografía, Gianfranco Lanzeri
250 _a2a ed.
260 _aSanto Domingo :
_bSECTUR,
_c2000
300 _a[20, (4)] p. ;
_c18 cm.
505 _tAntes del descubrimiento: La cultura taína.--
_tDespués del descubrimiento: 500 años.--
_tLa música por dentro: Cultura del ritmo.--
_tArte y Artesanía.--
_t¡Carnaval!...Ritual de ritmo y color.--
_tCultura religiosa.--
_tLa cocina dominicana.--
_tMuseos de la República Dominicana.--
_tCalendario de días feriados y festivales.
590 _aInventariado 2023 / MF
650 4 _982555
_aTurismo
_xGuías
_zRepública Dominicana
650 4 _982379
_aTurismo
_xRepública Dominicana
700 1 _aLanzeri, Gianfranco
_eil.
_983146
710 2 _942466
_aSecretaría de Estado de Turismo (República Dominicana)
942 _2ddc
_cLF2
999 _c31394
_d31394